Vývoj záchranných destrukčních náloží pro likvidaci staticky narušených budov /

Main Author: Lichorobiec, Stanislav, 1957-
Language: Czech
Published: V Ostravě : Sdružení požárního a bezpečnostního inženýrství, 2019
Edition: 1. vydání
Subjects:
Physical Description: 146 stran : ilustrace (převážně barevné) ; 22 cm
Book
Saved in:
LEADER 01982nam a2200529 i 4500
001 nkc20203177037
003 CZ PrNK
005 20200604114545.0
007 ta
008 200219s2019 xr a f 000 0 cze
015 |a cnb003177037 
020 |a 978-80-7385-219-1  |q (brožováno) 
035 |a (OCoLC)1200247107 
040 |a OLA001  |b cze  |d ABA001  |e rda 
072 7 |a 662  |x Výbušniny. Paliva  |2 Konspekt  |9 19 
080 |a 624.041  |2 MRF 
080 |a 69.059.62  |2 MRF 
080 |a 662.2  |2 MRF 
080 |a 662.1/.4  |2 MRF 
080 |a 614.83  |2 MRF 
080 |a (048.8:082)  |2 MRF 
100 1 |a Lichorobiec, Stanislav,  |d 1957-  |7 ola20201067548  |4 aut 
245 1 0 |a Vývoj záchranných destrukčních náloží pro likvidaci staticky narušených budov /  |c Stanislav Lichorobiec a kolektiv 
250 |a 1. vydání 
264 1 |a V Ostravě :  |b Sdružení požárního a bezpečnostního inženýrství,  |c 2019 
300 |a 146 stran :  |b ilustrace (převážně barevné) ;  |c 22 cm 
336 |a text  |b txt  |2 rdacontent 
337 |a bez média  |b n  |2 rdamedia 
338 |a svazek  |b nc  |2 rdacarrier 
504 |a Obsahuje bibliografie a bibliografické odkazy 
650 0 7 |a statika stavebních konstrukcí  |7 ph126059  |2 czenas 
650 0 7 |a demolice staveb  |7 ph135868  |2 czenas 
650 0 7 |a trhaviny  |7 ph168739  |2 czenas 
650 0 7 |a výbušniny  |7 ph127407  |2 czenas 
650 0 7 |a výbuchy  |7 ph127406  |2 czenas 
650 0 9 |a structural statics  |2 eczenas 
650 0 9 |a building demolition  |2 eczenas 
650 0 9 |a explosives  |2 eczenas 
650 0 9 |a explosions  |2 eczenas 
655 7 |a kolektivní monografie  |7 fd501537  |2 czenas 
655 9 |a collective monographs  |2 eczenas 
910 2 |a BOA001  |b 2-1443.878 
990 |a BK 
995 |a 01 
991 |b 202002  |c NOV 
996 6 |b 2610816153  |c 2-1443.878  |l MZK  |r Sklad / do 1 hodiny  |n 0  |p p.v.  |w 001783453  |u 000010  |a 1  |e BOA001  |j MZK50  |s P 
996 7 |b 2610826173  |c 2-1443.878  |l Vol.výběr  |r VV 1p  |n 0  |p dar  |h 69 LIC  |w 001783453  |u 000020  |a 0  |e BOA001  |j MZK50  |s A